Quimica analitica cualitativa ; teoria y semimicrometodos (Registro nro. 32548)

Detalles MARC
001 - NÚMERO DE CONTROL
campo de control 12532
005 - FECHA Y HORA DE LA ÚLTIMA TRANSACCIÓN
campo de control 20260504072131.0
008 - DATOS DE LONGITUD FIJA--INFORMACIÓN GENERAL
campo de control de longitud fija 960313s1972 spa
035 ## - NÚMERO DE CONTROL DEL SISTEMA
Número de control de sistema 12532
035 ## - NÚMERO DE CONTROL DEL SISTEMA
Número de control de sistema (OCoLC)626706525
040 ## - FUENTE DE LA CATALOGACIÓN
Centro/agencia transcriptor comduadb
041 ## - CÓDIGO DE LENGUA
Código de lengua del texto/banda sonora o título independiente spa
082 #4 - NÚMERO DE LA CLASIFICACIÓN DECIMAL DEWEY
Número de clasificación 544
100 10 - ENTRADA PRINCIPAL--NOMBRE DE PERSONA
Nombre de persona Burriel Marti, Fernando
Código de función aut
Término indicativo de función/relación Autor/a
9 (RLIN) 474570
245 10 - MENCIÓN DE TÍTULO
Título Quimica analitica cualitativa ; teoria y semimicrometodos
250 ## - MENCIÓN DE EDICIÓN
Mención de edición 8. ED.
260 ## - PUBLICACIÓN, DISTRIBUCIÓN, ETC.
Lugar de publicación, distribución, etc. Barcelona :
Nombre del editor, distribuidor, etc. Paraninfo,
Fecha de publicación, distribución, etc. 1972.
300 ## - DESCRIPCIÓN FÍSICA
Extensión 611 páginas
650 #7 - PUNTO DE ACCESO ADICIONAL DE MATERIA--TÉRMINO DE MATERIA
Término de materia o nombre geográfico como elemento de entrada Química analítica cualitativa
Fuente del encabezamiento o término lemb
9 (RLIN) 41074
700 10 - ENTRADA AGREGADA--NOMBRE PERSONAL
Nombre de persona Lucena Conde, Felipe
Código de función aut
Término indicativo de función/relación Autor/a
9 (RLIN) 243295
700 10 - ENTRADA AGREGADA--NOMBRE PERSONAL
Nombre de persona Arribas Jimeno, Siro
Código de función aut
Término indicativo de función/relación Autor/a
9 (RLIN) 311838
942 ## - ELEMENTOS DE ENTRADA AGREGADA (KOHA)
Tipo de ítem Koha Libros
Existencias
Estado de retiro Estado de pérdida Fuente del sistema de clasificación o colocación Estado dañado No para préstamo Código de colección Localización permanente Ubicación/localización actual Fecha de adquisición Número de inventario Total de préstamos Signatura topográfica completa Código de barras Fecha visto por última vez Fecha del último préstamo Número de copia Precio válido a partir de Tipo de ítem Koha
    Clasificación Decimal Dewey     Colección General Biblioteca Carlos Gaviria Díaz, Campus Medellín Biblioteca Carlos Gaviria Díaz, Campus Medellín 24/01/2013 C1165692 1 544 B971q 61000002684708 09/04/2026 02/04/2024 1 20/04/2023 Libros